La Epopeya Bíblica / (Record no. 104754)

MARC details
000 -LEADER
campo de control de longitud fija 00657nam a2200193 i 4500
001 - NÚMERO DE CONTROL
campo de control 104754
003 - IDENTIFICADOR DE NÚMERO DE CONTROL
campo de control ES-MaACL
005 - FECHA Y HORA DE LA ÚLTIMA TRANSACCIÓN
campo de control 20250909200526.0
007 - CAMPO FIJO DE DESCRIPCIÓN FÍSICA--INFORMACIÓN GENERAL
campo de control de longitud fija t|
008 - DATOS DE LONGITUD FIJA--INFORMACIÓN GENERAL
campo de control de longitud fija 051212s1968 sp ||||1| spa d
100 1# - ENTRADA PRINCIPAL--NOMBRE DE PERSONA
Nombre de persona Miranda, María Rosa.
9 (RLIN) 81535
245 13 - MENCIÓN DEL TÍTULO
Título La Epopeya Bíblica /
Mención de responsabilidad, etc. Sor María Rosa Miranda; prólogo del Excmo. y Rvdmo. Sr. Fr. Albino G. Menéndez Reigada, Obispo de Córdoba.
250 ## - MENCION DE EDICION
Mención de edición [7ª ed.].
260 ## - PUBLICACIÓN, DISTRIBUCIÓN, ETC.
Lugar de publicación, distribución, etc. Madrid :
Nombre del editor, distribuidor, etc. Aguilar,
Fecha de publicación, distribución, etc. 1968.
300 ## - DESCRIPCIÓN FÍSICA
Extensión 1574 p. con 50 lám., 6 lám. ;
Dimensiones 19 cm.
700 1# - ENTRADA AGREGADA--NOMBRE PERSONAL
Nombre de persona Menéndez-Reigada, Albino G.,
Fechas asociadas al nombre 1881-1958
9 (RLIN) 80321
852 ## - LOCALIZACIÓN
Ubicación ES-MaACL
Número de control de estantería G-7375
Sublocalización o colección R.65594
Holdings
Estatus retirado Estado de pérdida Estado de daño No para préstamo Biblioteca de origen Biblioteca actual Ubicación en estantería Fecha de adquisición Fuente de adquisición Total de préstamos Signatura topográfica completa Código de barras Visto por última vez Precio de reemplazo Tipo de ítem Koha
        Biblioteca del Ateneo de Madrid Biblioteca del Ateneo de Madrid Depósito 2 17/01/2008     G-7375 1109366 23/02/2023 23/02/2023 Libro impreso